000 00851nam a2200253 a 4500
001 BRCA_4657
005 20190320204743.0
008 300910s2000----sp-#######---#000-0#spa-#
020 _a8488333463
040 _aspa
041 _asp
050 4 _aPQ6433
_p.S55 2000
100 1 _aSilva, Feliciano de
_911790
245 1 0 _aAmadís de Grecia
_b(Cuenca, Cristóbal Francés, 1530) : guía de lectura
_cFeliciano de Silva y Carmen Laspuertas Sarvisé.
260 _aAlcalá de Henares [España]
_bCentro de Estudios Cervantinos
_c2000
300 _a128 p.
_c24 cm.
440 0 _aGuías de lectura caballeresca
_v26
_911791
500 _aIncluye índice general de la colección
504 _aBibliografía: p. [123]-124
650 1 4 _aLiteratura
_zEspaña
_911792
700 1 _aLaspuertas Sarvisé, Carmen
_911793
902 _aCERV
942 _2lcc
_cB
999 _c4358
_d4358